The Nieteen twenties style

Bibliographic Details
Main Author: Brunhammer, Yvonne
Format: Book
Published: London : Cassell Publishers Ltd , 1987
Subjects:

MARC

LEADER 00000cam a2200000 7i4500
001 0000005132
002 000005542
005 20000330.0
020 |a 0304321605 
090 0 0 |a 709.04   |b BRU 
100 1 |a Brunhammer, Yvonne 
245 1 4 |a The Nieteen twenties style   |c Yvonne Brunhammer 
260 |a London :   |b Cassell Publishers Ltd ,   |c 1987 
300 |a 154p. ;   |c 22cm. 
650 0 0 |a Art, Modern   |y 20th century   |z Europe 
999 |a 033974   |b BUKU   |c PINJAMAN   |e PERPUSTAKAAN KOMUNITI PETALING JAYA